00355nam a2200133Ia 4500008004100000082001900041100002500060245004700085250000600132260003700138300001000175500002400185650001200209230524s9999 xx 000 0 und d a530.02462bCHA aAmal Kr. Chakrabarty 2aA Textbook of Advanced Engineering Physics a1 aKolkatabChhaya Prakashanic2011 a396p; aQuantity Number: 1 aPhysics